000
00296nam a22001337a 4500
008
170926b xxu||||| |||| 00| 0 eng d
020
_a
9781428292550
041
_a
eng
080
_2
8TH
_a
37
100
_a
46
101
_a
EDU
245
_a
WRITING, READING &RESEARCH
_c
VEIT,R
942
_2
udc
_c
BK
999
_c
30057
_d
30057